Loading...
| Science - Physics | 0 | 4 | 1 | 2 | 35 | 13 | 67.25 | 1 | 2 |
| Science - Other Science | 0 | 3 | 2 | 0 | 20 | 51 | 59.33 | 0 | 1 |
| Social Science | 0 | 2 | 0 | 0 | 20 | 51 | 68.50 | 0 | 1 |
| Science - Chemistry | 0 | 2 | 1 | 1 | 15 | 78 | 93.00 | 0 | 0 |
| History - World History | 0 | 1 | 0 | 0 | 10 | 63 | 63.00 | 0 | 1 |
| Mythology | 0 | 1 | 0 | 0 | 10 | 76 | 76.00 | 0 | 1 |
| Current Events | 0 | 1 | 0 | 1 | 10 | 100 | 100.00 | 0 | 0 |
| Science - Biology | 0 | 1 | 0 | 1 | 10 | 93 | 93.00 | 0 | 0 |
| Religion | 0 | 1 | 0 | 0 | 10 | 39 | 39.00 | 0 | 1 |
| Fine Arts - Other Fine Arts | 0 | 1 | 0 | 0 | 10 | 86 | 86.00 | 0 | 0 |
| Geography | 0 | 1 | 0 | 0 | 10 | 96 | 96.00 | 0 | 1 |
| History - American History | 0 | 1 | 0 | 0 | 10 | 100 | 100.00 | 0 | 0 |